000 00729cam a22002531 4500
999 _c79525
_d316802
001 1692265
003 OSt
005 20210307095451.0
008 731016s2011 maua b 000 0 eng
010 _a 50007669
020 _a9788131758915
040 _aDLC
_cDLC
_dDLC
050 0 0 _aQA805
_b.G6
082 0 0 _a531
_222
_bGHC
100 1 _aGoldstein, Herbert,
_d1922-2005.
_938984
245 1 0 _aClassical mechanics /
_cby Herbert Goldstein.
250 _a3rd ed.
260 _aCambridge, Mass. :
_bPearson ;
_c2011
300 _axii, 646 p. :
_bdiagrs. ;
_c24 cm.
504 _aBibliography: p. 373-376.
650 0 _aMechanics, Analytic.
_938801
906 _a7
_bcbc
_corignew
_du
_eocip
_f19
_gy-gencatlg
942 _2ddc
_cBOOK